01879nam a2200301 a 4500001001000000005001700010008004100027041000800068044000700076084002000083100004500103245009400148260004500242300003000287500051800317500012700835500013500962500006201097500000901159650005201168650005601220650003401276650004501310700006001355700005001415700006201465740005001527BRCA_246920190320203826.0191108s1832----sp-a---###---#000-0#spa-u aspa asp a109b.G68c18321 aCervantes Saavedra, Miguel ded1547-161610aEl Ingenioso Hidalgo D. Quijote de la Manchaccompuesto por Miguel de Cervantes Saavedra. aBarcelonabViuda e hijos de Gorchsc1832 a6 v.bil.c29 cm.e1 mapa aContenido : v 1. Primera parte. Advertencia del editor. Dedicatoria del editor. Dedicatoria. Prólogo del autor. Versos preliminares. Mapa de los viajes de D. Quijote. Texto. -- v 2. Texto. -- v 3. Segnda parte. Principios de la edición príncipe. Dedicatoria. Prólogo del autor. Texto. -- v 4. Texto. -- v 5. Análisis del Quijote por V. de los Ríos. Vida de M. de Cervantes Saavedra por M.F. de Navarrete. -- v 6. Anotaciones al Ingenioso Hidalgo Don Quijote de la Mancha por Joaquín Bastes y Carrera aEdición : Nueva edición conforme en todo la última de la Real Academia Española, y con las notas de J. A. Pellicer aEjemplar por completo igual al LO-108. La encuadernación y los adornos son inferiores a los del ejemplar LO-108 Lúdovik Osterc aExistencias : El ejemplar descrito carece del volúmen 2 aQM8714aNovela españolayÉpoca clásica, 1500-170014aLiteratura españolayÉpoca clásica, 1500-170014aNovela españolaySiglo XVII14aDon Quijote (Personaje ficticio)eNovela1 aPellicer y Pilares, Juan Antoniod1738-1806eBiógrafo1 aRíos, Vicente de losd1732-1779eBiógrafo1 aFernández de Navarrete, Martínd1765-1844eBiógrafo0 aEl Ingenioso Hidalgo Don Quijote de la Mancha